| 000 | 01274nam a22002657a 4500 | ||
|---|---|---|---|
| 001 | 10122 | ||
| 003 | FISKH | ||
| 005 | 20260422084535.0 | ||
| 008 | 260422b cb ||||| |||| 00| 0 eng d | ||
| 040 |
_aFISKH _beng _cFISKH _dFISKH |
||
| 050 | _aPZ7 | ||
| 082 | _a398.2 | ||
| 100 |
_aAnonymous _eAuthor |
||
| 245 | _aLittle red riding hood / | ||
| 260 |
_aWisconsin : _bWalt Disney Productions , _c1968 |
||
| 300 |
_a24 pages : _bcolor illustrations ; _c19 cm |
||
| 505 | _aJ | ||
| 520 | _aThis classic fairy tale follows Little Red Riding Hood, a young girl sent by her mother to bring food to her sick grandmother. On her way through the forest, she meets a clever wolf who tricks her into revealing where she is going. The wolf rushes ahead, disguises himself as her grandmother, and waits for Little Red Riding Hood. When the girl arrives, she notices something strange about her “grandmother,” but before she can escape, the wolf reveals himself. In most versions of the story, a woodcutter (or hunter) arrives just in time to save Little Red Riding Hood and her grandmother. | ||
| 521 | 8 |
_a500
_bLexile estimate |
|
| 521 | 8 |
_aJ
_bRaz-Plus |
|
| 650 |
_aDisney _vFairy tale |
||
| 650 |
_aFiction _vChildren |
||
| 942 |
_2ddc _cBK _n0 |
||
| 999 |
_c10122 _d10122 |
||